[Event "Paracin Winter op"]
[Site "Paracin"]
[Date "2019.01.31"]
[Round "1"]
[White "Milojevic, Milorad"]
[Black "Caputcuoglu, Zeki Berke"]
[Result "0-1"]
[WhiteElo "1716"]
[BlackElo "2162"]
[PlyCount "53"]
[EventDate "2019.01.31"]
[EventType "swiss"]
[EventRounds "9"]
[EventCountry "SRB"]
[SourceTitle "CBM 188 Extra"]
[Source "ChessBase"]
[SourceDate "2019.02.26"]
[SourceVersion "1"]
[SourceVersionDate "2019.02.26"]
[SourceQuality "1"]

1. c4 Nf6 2. Nf3 g6 3. Nc3 Bg7 4. d4 0-0 5. Bg5 c5 6. e3 cxd4 7. Nxd4 Nc6 8. Nxc6 bxc6 9. Be2 Qa5 10. Bxf6 Bxf6 11. Qc2 Rb8 12. Rc1 Bxc3+ 13. bxc3 Qa3 14. 0-0 Rb2 15. Qd3 Ba6 16. Bf3 d5 17. Qd4 Bxc4 18. Rfe1 Qd6 19. Qxa7 Rxa2 20. Qd4 e5 21. Qh4 e4 22. Bd1 Rb8 23. Bg4 Rbb2 24. Bh3 Rxf2 25. Red1 Qe5 26. Re1 Kg7 27. Qd8 0-1

[Event "Paracin"]
[Site "Paracin"]
[Date "2015.12.05"]
[Round "8"]
[White "Milojevic, Milorad"]
[Black "Brankovic, Slavoljub"]
[Result "1/2-1/2"]
[WhiteElo "1712"]
[BlackElo "1745"]
[PlyCount "47"]
[EventDate "2015.11.29"]
[EventType "tourn"]
[EventRounds "9"]
[EventCountry "SRB"]
[SourceTitle "CBM 170 Extra"]
[Source "ChessBase"]
[SourceDate "2016.02.25"]
[SourceVersion "1"]
[SourceVersionDate "2016.02.25"]
[SourceQuality "1"]

1. c4 c5 2. Nf3 Nc6 3. Nc3 Nf6 4. d4 cxd4 5. Nxd4 d6 6. Nxc6 bxc6 7. g3 g6 8. Bg2 Bd7 9. b3 Bg7 10. Bb2 0-0 11. 0-0 a5 12. Rc1 Rb8 13. Ba1 Qc8 14. Qc2 Bh3 15. Na4 Bxg2 16. Kxg2 c5 17. Nc3 Qb7+ 18. Kg1 Rfd8 19. Rcd1 Rbc8 20. Rd2 Rd7 21. Rfd1 Rcd8 22. Bb2 Qc6 23. Nd5 Nxd5 24. Rxd5 1/2-1/2

[Event "Paracin"]
[Site "Paracin"]
[Date "2015.12.02"]
[Round "5"]
[White "Velikic, Vule"]
[Black "Milojevic, Milorad"]
[Result "1-0"]
[WhiteElo "1757"]
[BlackElo "1712"]
[PlyCount "65"]
[EventDate "2015.11.29"]
[EventType "tourn"]
[EventRounds "9"]
[EventCountry "SRB"]
[SourceTitle "CBM 170 Extra"]
[Source "ChessBase"]
[SourceDate "2016.02.25"]
[SourceVersion "1"]
[SourceVersionDate "2016.02.25"]
[SourceQuality "1"]

1. d4 d5 2. c4 Nf6 3. Nc3 e6 4. cxd5 Nxd5 5. e4 Nxc3 6. bxc3 b6 7. Be3 Bb7 8. Bd3 Be7 9. Ne2 a6 10. 0-0 Nc6 11. Rb1 Na5 12. Ng3 Qd7 13. Qc2 h6 14. Rfd1 Bc6 15. Qe2 Bb7 16. c4 Nc6 17. Qb2 Bf6 18. e5 Be7 19. Be4 Na5 20. Bxb7 Nxb7 21. Qc2 0-0 22. Ne4 Na5 23. d5 Nb7 24. d6 cxd6 25. exd6 Bd8 26. Bxb6 Qc6 27. c5 Rc8 28. d7 Rb8 29. Bxd8 Rfxd8 30. Rb6 Qc7 31. Qb1 f5 32. c6 fxe4 33. Rxb7 1-0

[Event "Paracin"]
[Site "Paracin"]
[Date "2015.11.29"]
[Round "1"]
[White "Rajic, Momcilo"]
[Black "Milojevic, Milorad"]
[Result "1-0"]
[WhiteElo "1898"]
[BlackElo "1712"]
[PlyCount "71"]
[EventDate "2015.11.29"]
[EventType "tourn"]
[EventRounds "9"]
[EventCountry "SRB"]
[SourceTitle "CBM 170 Extra"]
[Source "ChessBase"]
[SourceDate "2016.02.25"]
[SourceVersion "1"]
[SourceVersionDate "2016.02.25"]
[SourceQuality "1"]

1. d4 d5 2. c4 Nf6 3. Nc3 e6 4. Bg5 Be7 5. Nf3 Bd7 6. Bxf6 Bxf6 7. cxd5 exd5 8. Nxd5 Bc6 9. Nxf6+ Qxf6 10. e3 Bd5 11. Bd3 Nd7 12. e4 Qe7 13. 0-0 Be6 14. h3 Nb6 15. d5 Bd7 16. Rc1 0-0-0 17. Qc2 c6 18. Nd4 Kb8 19. dxc6 Bxh3 20. c7+ Ka8 21. cxd8Q+ Rxd8 22. Nf5 Qg5 23. f4 Qg6 24. Rf3 Bg4 25. Rg3 h5 26. Qc7 Rb8 27. Be2 Qf6 28. Bxg4 hxg4 29. Qc3 Qe6 30. Qb3 Qxe4 31. Qxb6 Qxf4 32. Qc5 g6 33. Ra3 a6 34. Rf1 Qg5 35. Qd5 Qf6 36. Nd6 1-0